000 00594nam a2200205 4500
001 133085
003 ES-MaACL
005 20230906194324.0
007 t|
008 070214s1907 it r ||||1| ita d
100 1 _aRossi, Giovanni Battista.
_999873
245 1 2 _aL'arte dell'arazzo /
_cGiovanni Battista Rossi ; con prefazione di Ugo Ojetti.
260 _aRoma :
_bEd. Romana,
_c1907.
300 _aXV, 239 p. :
_bil. ;
_c15 cm.
490 1 _aManuali Hoepli
700 1 _aOjetti, Ugo.
_986620
830 0 _aManuali Hoepli
_9180782
852 _aES-MaACL
_jD-4238
999 _c133085
_d133085